Текст томруулах:    
World affairs (Бичлэгийн дугаар. 146741)
000 -УДИРДЛАГА
Удирдлага 02761nam a22003497a 4500
003 - ХЯНАЛТЫН ТОО ТОДОРХОЙЛОГЧ
Код MN-UlNUM
005 - БИЧИЛТ ХИЙСЭН ОГНОО
Тухайн бичилтийг бичсэн засварласан сүүлийн огноо 20260406153452.0
008 - ЕРӨНХИЙ МЭДЭЭЛЭЛ
Ерөнхий мэдээлэл 210702s2025 mp ||||| |||| 00| | eng d
022 ## - ISSN
ISSN 2308-9040
040 ## - БИЧЛЭГ ҮҮСГЭГЧ БАЙГУУЛЛАГА
Бичлэг үүсгэгч номын сангийн код МУИС-ийн номын сан
084 ## - ББК АНГИЛАЛ
Нэмэлт тусгалт МУИС-ийн эрдэм шинжилгээний бичиг
ББК ангилал 72+66.4
Зохиогчийн гурван тэмдэгт W 83
Мэдлэгийн ялгаа 72 - Шинжлэх ухаан
110 ## - ЭРХЛЭН ГАРГАСАН /БАЙГУУЛЛАГА/
Эрхлэн гаргасан байгууллага National University of Mongolia-School of Political Science, International Relations, and Public Administration
245 00 - ҮНДСЭН ГАРЧИГ
Номын нэр World affairs
Ботийн дугаар №1(49)
Бага гарчгийн мэдээ Editor-in-Chief S. Bayasgalan
Оролцогчдын тухай мэдээ Foreign members Christopher R. Atwood, Alicia Campi, Antoine Maire, Pierre Chabal, L. Tumentseseg, I. Yu. Okunev, Sharad Kumar Soni, Kim Eujkon, Chong-Chuo Chang
-- Domestic members N. Altantsetseg, Ts. Batbayar, J. Battogtokh, J. Battur, S. Battulga, A. Battsetseg, S. Battsetseg, J. Bayasakh, D. Bekhbat, B. Munkh-Ulzii, S. Oyunsuren, V. Enkhbold, J. Enkhsaikhan, S. Enkhtsetseg
-- Managing editor Oyunsuren Damdinsuren
260 ## - ГАРАЛТЫН МЭДЭЭ
Хэвлэгдсэн газар UB
Хэвлэлийн газар NUM press
Хэвлэгдсэн он 2025
300 ## - МАТЕРИАЛЫН ТОДОРХОЙЛОЛТ
хуудасны тоо 116
500 ## - Тайлбар
Дансны дугаар ГФ 20935-20939, ЛавФ 1123
505 ## - Агуулгын тэмдэглэгээ
Агуулгын тэмдэглэгээ World Affairs №1(49) is an academic journal dedicated to the study of international relations, global politics, and international economic cooperation. This issue brings together a variety of scholarly articles examining contemporary global challenges and emerging trends in international affairs. The journal highlights research on topics such as the impact of the war in Ukraine on regional dynamics, the role of nuclear weapons in international relations, Mongolia’s cooperation with Central Asian countries, and international legal frameworks for combating human trafficking.
546 ## - ХЭЛНИЙ ТУХАЙ МЭДЭЭ
Хэл Англи хэл дээр,
653 ## - Түлхүүр үг
Түлхүүр үг science
653 ## - Түлхүүр үг
Түлхүүр үг politics
653 ## - Түлхүүр үг
Түлхүүр үг international relations
740 ## - НОМЫН ГАРЧИГ
Гарчиг International relations
740 ## - НОМЫН ГАРЧИГ
Гарчиг Baasankhuu Ganbaatar, Khaliunaa Jargalsaikhan. Using Artificial Intelligence in Foreign Policy Analysis and Decision-Making: Designing an Expert System
740 ## - НОМЫН ГАРЧИГ
Гарчиг Dulguun Gantumur. Mongolian Democracy Compared to Central Asia Post-Independence
740 ## - НОМЫН ГАРЧИГ
Гарчиг Misheel Bayasakh, Trent A. Engbers. Contribution of Social Media to Political Polarization among University Students
740 ## - НОМЫН ГАРЧИГ
Гарчиг 阿.巴特其其格 (Battsetseg Altangerel), 道尔吉德日公 (Dorjderem Lkhamsuren), 乌仁通嘎拉嘎 (Urantungalag). 中国绿色发展与中蒙生态合作
740 ## - НОМЫН ГАРЧИГ
Гарчиг International economic relations
740 ## - НОМЫН ГАРЧИГ
Гарчиг 阿巴图其其格 (Battsetseg Altangerel), 黄侗拉嘎 (Huangtonglaga). 蒙古国“乔巴山-呼特-毕其格图”铁路建设现状及对策分析
740 ## - НОМЫН ГАРЧИГ
Гарчиг Nasanbat Enkhtugs, Munkh-Ulzii Batmunkh, Tsend-Ayush Unenchimeg. China’s Economic Diplomacy toward Mongolia: Belt and Road, Currency Swaps, and the Politics of Vulnerability
942 ## - ЭЛЕМЕНТИЙН ТӨРӨЛ
Зүйлийн төрөл Ном